[Event "Barcelona Sant Marti op-B 22nd"]
[Site "Barcelona"]
[Date "2022.07.16"]
[Round "4"]
[White "Bermejo Cuadra, Robert"]
[Black "Duchene Garcia, Yannick"]
[Result "0-1"]
[WhiteElo "1172"]
[BlackElo "1043"]
[PlyCount "124"]
[EventDate "2022.07.13"]
[EventType "swiss"]
[EventRounds "9"]
[EventCountry "ESP"]
[SourceTitle "CBM 210 Extra"]
[Source "ChessBase"]
[SourceDate "2022.11.30"]
[SourceVersion "1"]
[SourceVersionDate "2022.11.30"]
[SourceQuality "1"]

1. d4 d5 2. Nf3 Nc6 3. Nc3 f6 4. h3 e5 5. dxe5 fxe5 6. Bg5 Be7 7. Qxd5 Qxd5 8. Nxd5 Bd6 9. c3 Be6 10. 0-0-0 Bxd5 11. Rxd5 Nge7 12. Bxe7 Nxe7 13. Rd1 0-0 14. e4 Rad8 15. Bc4+ Kh8 16. Rhf1 Ng6 17. Ng5 Rd7 18. Ne6 Re8 19. Ng5 Rf8 20. Be2 Nf4 21. Bg4 Re7 22. g3 Ng6 23. h4 h6 24. Ne6 Rfe8 25. Rxd6 cxd6 26. h5 Nf8 27. Nxf8 Rxf8 28. Bf5 Rc7 29. g4 b5 30. Rd1 Rd8 31. a3 a5 32. Rd5 b4 33. Rxa5 bxc3 34. bxc3 Rxc3+ 35. Kd2 Rc7 36. a4 Rb8 37. Rb5 Rxb5 38. axb5 Rb7 39. Kc3 Rxb5 40. Kc4 Ra5 41. Bd7 Rc5+ 42. Kb3 Kg8 43. Be6+ Kf8 44. Bd5 Ke7 45. Bg8 Kf6 46. Bh7 Kg5 47. Bf5 Kf4 48. Kb4 Kf3 49. Kb3 Kxf2 50. Kb2 Ke3 51. Kb3 Kd4 52. Kb4 Rc7 53. Kb5 Rc5+ 54. Kb4 d5 55. exd5 Rxd5 56. Be6 Rd6 57. Bf5 Rb6+ 58. Ka5 Rb2 59. Ka4 e4 60. Ka3 Rb8 61. Ka2 e3 62. Bc2 e2 0-1

[Event "Barcelona Sant Marti op-B 22nd"]
[Site "Barcelona"]
[Date "2022.07.13"]
[Round "1"]
[White "Duchene Garcia, Yannick"]
[Black "Gallego Obrador, Aaron"]
[Result "0-1"]
[WhiteElo "1043"]
[BlackElo "1648"]
[PlyCount "56"]
[EventDate "2022.07.13"]
[EventType "swiss"]
[EventRounds "9"]
[EventCountry "ESP"]
[SourceTitle "CBM 210 Extra"]
[Source "ChessBase"]
[SourceDate "2022.11.30"]
[SourceVersion "1"]
[SourceVersionDate "2022.11.30"]
[SourceQuality "1"]

1. e4 c5 2. Nf3 e6 3. d4 cxd4 4. Nxd4 Nc6 5. Nc3 Bc5 6. Nf3 Qb6 7. Qe2 Nf6 8. h3 Nd4 9. Qd1 0-0 10. Rb1 Nxf3+ 11. Qxf3 Bb4 12. Be2 Bxc3+ 13. Qxc3 Nxe4 14. Qd3 Qxf2+ 15. Kd1 Qxg2 16. Rf1 Qxf1+ 17. Bxf1 Nf2+ 18. Ke1 Nxd3+ 19. Bxd3 d5 20. c4 Rd8 21. cxd5 Rxd5 22. Be2 Bd7 23. b3 Rc8 24. Bb2 Rc2 25. Bf3 Rdd2 26. Bc1 Rh2 27. Kd1 Rcf2 28. Bxb7 Rf1# 0-1